000 00452cam a2200181ua 4500
001 3116
008 110929n ii |||gr||||Z||||||asm
040 _cMAIN
082 _a891.4513
100 1 _aMalik, Syed Abdul,
_eAuthor.
245 1 1 _aPora gaont pahila bohag
_cby Syed Abdul Malik
250 _a1st.
260 _aJorhat:
_bSyed Abdul Malik,986.
300 _a146p:
_c23cm.
653 _aFiction
653 _aPora gaont pahila bohag
942 _cBK
999 _c2962
_d2962